000 00629nam a22001817a 4500
999 _c14995
_d14995
003 OSt
082 _2664 BHA/DE
088 _aP 279
100 _aBHAVYA FRANCIS
_aMEENU P. B
_aSINSHA P. V
_93890
245 _aDevelopment of a tender coconut cutting machine
260 _aTavanur 2014
_bDepartment of Food and Agricultural Process Engineering
300 _a40
500 _aDevelopment of a tender coconut cutting machine
520 _aDevelopment of a tender coconut cutting machine
700 _aEr. George Mathew (Guide)
_93431
856 _uhttps://drive.google.com/open?id=1vakNmMk0bi0HAvI-_ksNgG-F_amfajoe
942 _cPR